00533cam a22001931 4500001001300000003000400013005001700017008004100034010001700075035002000092040001800112042001200130050001700142245006200159260002200221300005600243650002300299999001700322sa 68014604 DLC20260227112633.0890515s1965 io ach 000 0 ind  asa 68014604  a(OCoLC)23547791 aDLCcMiUdDLC apremarc00aBP63.I5bP4500aPenggembala ummat, mengenal ummat dan kampung halamannja. a[Djakarta,c1965] a[75] p.b(chiefly illus., facsims., ports.)c29 cm. 0aMuslimszIndonesia c85907d85907